African Countries with Alpine Tundra - Statistics

General Stats
  • This quiz has been taken 60 times
  • The average score is 9 of 10
Answer Stats
Country % Correct
Kenya
98%
South Africa
96%
Tanzania
96%
D.R. Congo
92%
Ethiopia
91%
Morocco
85%
Uganda
85%
Lesotho
81%
Rwanda
81%
Cameroon
60%
No matching quizzes found
Score Distribution
Percent of People with Each Score
Percentile by Number Answered
Your Score History
You have not taken this quiz